Disney World Rides By Speed - Statistics

General Stats
  • This quiz has been taken 205 times
  • The average score is 8 of 11
Answer Stats
Hint Answer % Correct
11. 27 mph Space Mountain
93%
1. 65 mph Test Track
84%
9. 36 mph Big Thunder Mountain Railroad
80%
5. 50 mph Expedition Everest
78%
8. 39 mph Twilight Zone Tower of Terror
74%
2. 60 mph Guardians of the Galaxy - Cosmic Rewind
71%
4. 57 mph Rock 'n' Roller Coaster Starring The Muppets
71%
7. 40 mph Slinky Dog Dash
70%
10. 34 mph Seven Dwarfs Mine Train
66%
6. 40 mph Tiana's Bayou Adventure
64%
3. 59 mph TRON Lightcycle / Run
62%
No matching quizzes found
Score Distribution
Percent of People with Each Score
Percentile by Number Answered
Your Score History
You have not taken this quiz